آ ز ا د ی کے بعد ا ر د و سفر نا مہ :تنقيد و تجز یہ (Record no. 87843)

MARC details
000 -LEADER
fixed length control field 01120nam a22002657a 4500
005 - DATE AND TIME OF LATEST TRANSACTION
control field 20150202121821.0
008 - FIXED-LENGTH DATA ELEMENTS--GENERAL INFORMATION
fixed length control field 140714b xxu||||| |||| 00| 0 Urdu d
010 ## - LCCN (DPL NO)
LC control number UR-8570 B-548310
020 ## - INTERNATIONAL STANDARD BOOK NUMBER
Terms of availability 154.00
035 ## - SYSTEM CONTROL NUMBER
System control number U-7125 B-548310
037 ## - SOURCE OF ACQUISITION
Source of stock number/acquisition BPPD/Publishers/Venders
037 ## - SOURCE OF ACQUISITION
Source of stock number/acquisition DBAD/Pub.
037 ## - SOURCE OF ACQUISITION
Source of stock number/acquisition Star Pub.(Vend.)/Arshia Pub.(Pub.)
040 ## - CATALOGING SOURCE
Original cataloging agency DPL
Language of cataloging Urdu
082 ## - DEWEY DECIMAL CLASSIFICATION NUMBER
Classification number 910.848
100 ## - MAIN ENTRY--PERSONAL NAME
Personal name سعيد ا حمد
245 ## - TITLE STATEMENT
Title آ ز ا د ی کے بعد ا ر د و سفر نا مہ :تنقيد و تجز یہ
Statement of responsibility, etc سعيد ا حمد
246 ## - VARYING FORM OF TITLE
Title proper/short title Aazadi ke Baad Urdu Safarnama( Tanqeed wa Tajaziya)
Remainder of title by Sayeed Ahmad
260 ## - PUBLICATION, DISTRIBUTION, ETC. (IMPRINT)
Name of publisher, distributor, etc Arshia Publictions
-- Star Publications.( Vender)
Date of publication, distribution, etc 2012
260 ## - PUBLICATION, DISTRIBUTION, ETC. (IMPRINT)
Place of publication, distribution, etc 4/5Asaf Ali Road,New Delhi-110002
270 ## - ADDRESS
Address A-170,Ground Floor, 3,Surya Apartment, Dilshad Colony,
City دھلی
Postal code 110095
Telephone number 9971775969
300 ## - PHYSICAL DESCRIPTION
Extent 280ص
Dimensions 22Cm(Pb)
942 ## - ADDED ENTRY ELEMENTS (KOHA)
Source of classification or shelving scheme Dewey Decimal Classification
Item type Urdu Bks
Call number suffix س ع ی
Classification part 910.848
Holdings
Withdrawn status Lost status Source of classification or shelving scheme Damaged status Not for loan Home library Current library Date acquired Source of acquisition Cost, normal purchase price Total Checkouts Full call number Barcode Date last seen Copy number Cost, replacement price Koha item type Collection code
    Dewey Decimal Classification     Central Library Central Library 17/12/2014 BPPD/UR/2014-15/127/1.8.14/SP/3597/6.8.14/2.9.14 154.00 3 910.848 س ع ی B-548310 22/03/2019 1 154.00 Urdu Bks  
    Dewey Decimal Classification   Not For Loan D.B.Act.Division D.B.Act.Division 02/02/2015 DBAD/Pub. 154.00   910.848 س ع ی U-7125 02/02/2015 1 154.00 Urdu Bks Non-fiction

© Delhi Public Library
Hit Counter
free hit counter